| 000 | 00000nam##2200000za#4500 |
| 001 | 9.575084 |
| 003 | CaOODSP |
| 005 | 20210624184508 |
| 007 | cr ||||||||||| |
| 008 | 150406|2007||||xxc|||||o f|0| 0 eng|d |
| 022 | |a1488-5379 |
| 040 | |aCaOODSP|beng |
| 043 | |an-cn--- |
| 086 | 1 |aFs97-6/2748E-PDF |
| 110 | 1 |aCanada. |bDepartment of Fisheries and Oceans. |
| 245 | 10|aEstimating the abundance and distribution of snow crab (Chionoecetes opilio) off Cape Breton Island using video camera transects : |h[electronic resource]|ba complementary technique to the bottom trawl survey / |cby M. Biron ... [et al.] |
| 260 | |aMoncton - New Brunswick : |bFisheries and Oceans Canada |cc2007. |
| 300 | |a22p.|bfigs., references |
| 490 | 1 |aCanadian technical report of fisheries and aquatic sciences|x1488-5379|vNo. 2748 |
| 500 | |aThe catalogue number and ISSN for the print edition appear in this electronic version. |
| 590 | |a12-38-Supp|b2012-09-27 |
| 720 | 1 |aBiron, M. |
| 776 | 0#|tEstimating the abundance and distribution of snow crab (Chionoecetes opilio) off Cape Breton Island using video camera transects - a complementary technique to the bottom trawl survey / |w(CaOODSP)9.617361 |
| 830 | #0|aCanadian technical report of fisheries and aquatic sciences,|x1488-5379|vNo. 2748|w(CaOODSP)9.504449 |
| 856 | 40|ahttp://publications.gc.ca|qPDF|s1206 KB|uhttps://publications.gc.ca/collections/collection_2012/mpo-dfo/Fs97-6-2748-eng.pdf|yNo. 2748 |